Malé a stredné podnikanie

Salvato in:
Dettagli Bibliografici
Autore principale: Strážovská, Helena
Altri autori: Strážovská, Ľubomíra
Natura: Libro
Lingua:slovacco
Pubblicazione: Bratislava Vydavateľstvo EKONÓM 1999
Soggetti:
Tags: Aggiungi Tag
Nessun Tag, puoi essere il primo ad aggiungerne!!

MARC

LEADER 00000nam a2200000 4500
001 c117209
005 20221123133026.6
020 |a 80-225-1186-2 
041 0 |a slo 
044 |a SK 
245 1 0 |a Malé a stredné podnikanie  |c Elena Strážovská, Ľubomíra Strážovská 
264 1 |a Bratislava  |b Vydavateľstvo EKONÓM  |c 1999 
300 |a 161 s. 
610 2 0 |a podnikanie malé 
610 2 0 |a podnikanie stredné 
610 2 0 |a podnik 
610 2 0 |a podnikatelia 
610 2 0 |a prostredie podnikové 
610 2 0 |a podpora podnikania 
610 2 0 |a ciele podnikové 
610 2 0 |a marketing 
610 2 0 |a legislatíva 
610 2 0 |a programy rozvojové 
100 1 |a Strážovská, Helena 
700 1 |a Strážovská, Ľubomíra